000 00596nam a22002052 4500
001 0000003316
005 20151217154337.0
008 070503s xx 000 0 eng d
020 _a0375402543 :
040 _aKABU
_cKABU
050 0 _aHV4045
_b.N49
100 1 _aNewman, Katherine S.
_@0000153124
245 1 0 _aNo shame in my game :
_bthe working poor in the inner city.
260 _aNew York :
_bVintage,
_c1999.
300 _axix, 389 p.
650 0 _aUrban poor
_zUnited States.
_@0000153125
908 _a070503
950 _@1
999 _c10654
_d10654